000 01175nam a2200289 i 4500
003 EG-GICUC
005 20260321161622.0
008 260321s2002 ts ||||f |||| 00| 0 ara d
040 _a EG-GICUC
_c EG-GICUC
_d EG-GICUC
_erda
_bara
041 0 _aara
082 0 4 _221
_a341.28
_bم ر . ق
092 0 4 _221
099 _aLaw1 11 341.28 م ر . ق 2002
110 _aمركز زايد للتنسيق و المتابعة
_eمؤلف.
245 1 0 _aقالوا عن الانتفاضة الفلسطينية /
_cمركز زايد للتنسيق و المتابعة .
264 1 _aالإمارات العربية المتحدة :
_bمركز زايد للتنسيق و المتابعة ،
_c2002 .
300 _a58 صفحة ؛
_c24 سم
336 _2rda content
_atext
337 _2rda media
_aComputer
338 _2rda carrier
_aOnline Resource
546 _aالنص أغلبه باللغة العربية مع بعض النصوص الإنجليزية
650 0 4 _aالقانون الدولي العام
650 0 4 _aالمناطق غير المستقلة
856 4 0 _uhttps://fll.law.cu.edu.eg/fulltext/bks/B11-07658.pdf
905 _a59
942 _2ddc
_cBK
_e21
_n0
999 _c66472
_d66472